Trotski: revolucionario sin fronteras
Saved in:
| Hovedforfatter: | |
|---|---|
| Format: | Bog |
| Sprog: | spansk |
| Udgivet: |
Buenos Aires
Fondo de Cultura Económica
2009
|
| Udgivelse: | 1a. ed |
| Serier: | Tezontle
|
| Fag: | |
| Tags: |
Tilføj Tag
Ingen Tags, Vær først til at tagge denne postø!
|
MARC
| LEADER | 00000nam a2200000 a 4500 | ||
|---|---|---|---|
| 001 | UCG4455 | ||
| 003 | CL-VaPUC | ||
| 008 | 101104e20090000AG |||||||||||||||||spa|d | ||
| 020 | |a 9789505578122 | ||
| 082 | 0 | 4 | |a 923 |b MAR |2 21 |
| 100 | |a Marie, Jean-Jacques |e autor |9 553748 | ||
| 245 | 1 | 0 | |a Trotski: revolucionario sin fronteras |
| 250 | |a 1a. ed | ||
| 300 | |a 613 p | ||
| 942 | |c BK | ||
| 945 | |d 20101104 00:00:00 |a mfarfan | ||
| 260 | |a Buenos Aires |b Fondo de Cultura Económica |c 2009 | ||
| 600 | 0 | 7 | |a TROTSKI, LEON |2 CL-VaPUC |9 267768 |
| 650 | 0 | |a Biografías |9 255210 | |
| 650 | 7 | |a REVOLUCIONARIOS |2 CL-VaPUC |9 328485 | |
| 650 | 0 | |a Política y gobierno |9 255151 | |
| 651 | 0 | |a Unión Soviética |9 256769 | |
| 583 | |a last modification |c 20101104 00:00:00 |k Rodrigo Vera | ||
| 490 | 0 | |a Tezontle | |
| 999 | |c 343161 |d 343159 | ||
| 952 | |0 0 |1 0 |4 0 |6 923_000000000000000_MAR_2009 |7 0 |8 A |9 440218 |a BIBHIS |b BIBHIS |d 2019-11-22 |i 4730623 |o 923 MAR 2009 |p 4730623 |r 2025-01-20 |w 2019-11-22 |y BK |k HIS | ||
| 952 | |0 0 |1 0 |4 0 |6 923_000000000000000_MAR_2009 |7 0 |8 A |9 440219 |a BIBHIS |b BIBHIS |d 2019-11-22 |i 4730631 |o 923 MAR 2009 |p 4730631 |r 2025-01-20 |w 2019-11-22 |y BK |k HIS | ||